000 00567nam a2200205Ia 4500
001 9520
003 GE_BSU
008 181216s||||||||xx |||||||||||||| ||und||
040 _cGE_BSU
080 _a821.353.1–1
100 _aმარგიანი,რევაზ
245 _aლირიკა
245 _cრედ.ბ.მირცხულავა
260 _aთბილისი
260 _bსაბჭოთა საქართველო
260 _c1958
300 _a84გვ.17სმ.
653 _aლირიკა
942 _cBK
999 _c42814
_d42814